| 000 | 00579nam a2200253Ia 4500 | ||
|---|---|---|---|
| 008 | 190123s9999 xx 000 0 und d | ||
| 020 | _a9780531281055 | ||
| 050 | _bB473 2011 | ||
| 100 | _aBenoit, Peter | ||
| 245 | 0 | _aOceans / | |
| 245 | 0 | _cby Peter Benoit. | |
| 260 | _aNew York, New York : | ||
| 260 | _bScholastic, | ||
| 260 | _c2011 | ||
| 300 | _a48 pages : | ||
| 300 | _bcolored illustrations ; | ||
| 300 | _c21cm. | ||
| 440 | _aA true book. | ||
| 500 | _a930L | ||
| 650 | _aOcean. | ||
| 650 | _aOceanography. | ||
| 700 | _aSeries. | ||
| 700 | _aTitle. | ||
| 999 |
_c361204 _d361204 |
||